Drainage design for buildings with reduced water use (Record no. 103396)

MARC details
000 -LEADER
fixed length control field 01255cam a2200301 4500
008 - FIXED-LENGTH DATA ELEMENTS--GENERAL INFORMATION
fixed length control field 040318n2004 000 0 eng u
020 ## - INTERNATIONAL STANDARD BOOK NUMBER
International Standard Book Number 1860816711
035 ## - SYSTEM CONTROL NUMBER
System control number (Sirsi) u125466
041 ## - LANGUAGE CODE
Language code of text/sound track or separate title eng
050 ## - LIBRARY OF CONGRESS CALL NUMBER
Classification number 627.4
-- 18
100 ## - MAIN ENTRY--PERSONAL NAME
Personal name Lauchlan, C.
110 ## - MAIN ENTRY--CORPORATE NAME
Corporate name or jurisdiction name as entry element Building Research Establishment
245 ## - TITLE STATEMENT
Title Drainage design for buildings with reduced water use
260 ## - PUBLICATION, DISTRIBUTION, ETC.
Place of publication, distribution, etc. Watford
Name of publisher, distributor, etc. BRE
Date of publication, distribution, etc. 2004
300 ## - PHYSICAL DESCRIPTION
Extent 6p.
Dimensions 30cm.
490 ## - SERIES STATEMENT
Series statement BRE Information Paper
Volume/sequential designation 1/04
520 ## - SUMMARY, ETC.
Summary, etc. This information paper reports on a project that assess the effect of low water usage in domestic buildings on the upstream parts of the drain and sewer systems. Provides: a summary of the types and characteristics of appliances that may be used for reducing water consumption in buildings; estimates of water volumes consumed for both the present and the future; and appropriate guidance for the design of drain and sewer systems.
650 ## - SUBJECT ADDED ENTRY--TOPICAL TERM
Topical term or geographic name entry element DRAINAGE
650 ## - SUBJECT ADDED ENTRY--TOPICAL TERM
Topical term or geographic name entry element WATER
650 ## - SUBJECT ADDED ENTRY--TOPICAL TERM
Topical term or geographic name entry element SUSTAINABLE DESIGN
650 ## - SUBJECT ADDED ENTRY--TOPICAL TERM
Topical term or geographic name entry element WATER CONSERVATION
650 ## - SUBJECT ADDED ENTRY--TOPICAL TERM
Topical term or geographic name entry element SEWERS
690 ## - LOCAL SUBJECT ADDED ENTRY--TOPICAL TERM (OCLC, RLIN)
Topical term or geographic name as entry element BUILT ENVIRONMENT-SUSTAINABLE CONSTRUCTION
700 ## - ADDED ENTRY--PERSONAL NAME
Personal name Griggs, J.
700 ## - ADDED ENTRY--PERSONAL NAME
Personal name Escarameia, M.
710 ## - ADDED ENTRY--CORPORATE NAME
Corporate name or jurisdiction name as entry element United Kingdom
Subordinate unit Department of Trade and Industry
942 ## - ADDED ENTRY ELEMENTS (KOHA)
Suppress in OPAC 0
Holdings
Withdrawn status Lost status Source of classification or shelving scheme Damaged status Not for loan Home library Current library Shelving location Date acquired Total Checkouts Full call number Barcode Date last seen Copy number Price effective from Koha item type
    Dewey Decimal Classification     London London BRE publications 25/03/2004   ENQUIRY DESK 30069068 06/08/2019 1 06/08/2019 Book